000 00655nam a22001815i 4500
001 154801
003 ES-MaACL
005 20230906205846.0
008 010613s1898 phl |||| | spa d
040 _aCCPB | B
_bspa
_cCCPB | B
100 1 _aGroizard, Pedro.
_9127567
245 1 0 _aSari-Sari
_b: quisicosas filipinas /
_cPedro Groizard ; con un reclamo de Ricardo G. Mercet.
260 _aManila :
_b[s.n.],
_c1898 (
_fimp. de "La Oceanía Española")
300 _a301 p. ;
_c19 cm.
700 1 1 _aMercet, Ricardo G.,
_epr.
_9129848
752 _aFilipinas -
_dManila
852 _aES-MaACL
_jG-11664
_z-- Enc. hol.
_x-- Edic: Este ejemp. tiene 314 p.
999 _c154801
_d154801